Регионална библиотека "Любен Каравелов" - Русе

Прозорче към миналото (Запис номер 142275)

MARC детайли
000 -Лидер
Контролно поле с фиксирана дължина 02199nam a2200385 a 4500
003 - Код на организацията, давaща контролен номер
Контролно поле BLK
005 - Дата и час на последна редакция
Контролно поле 20240430005252.0
008 - Елементи от данни с фиксирана дължина
fixed length control field 180409b bul|||||r ||||||| ||bul||
010 ## - Наследен системен номер
LC control number KNG00148363000
040 ## - Източник на каталожния запис
Идентификатор на билиотеката - собственик на записа BLK
041 ## - Код за език
Код за езика на текст/звукозапис или на отделно заглавие Български
Код за езика КДБФ Български
080 ## - УДК
Текстов определител УДК Българска литература
УДК код - определител по УДК 821.163.2
УДК определител -93-1
УДК - код + определител 821.163.2-93-1
139 ## - Редно поле
Редна дума Прозорче към миналото
Авторски знак Прод - П 91
245 10 - Сведения за заглавието
Заглавие Прозорче към миналото
Редно поле (дума) с предг. от Георги Веселинов; худож. Калина Тасева; худож. Юли Минчев; * Пенчо Петков Славейков; * Васил Николаев Попович; * Иван Минчов Вазов; * Константин Величков; * Константин Величков Петков.
257 ## - Страна на издаване
Страна на създаване/издаване България
260 ## - Област на издателските данни
Име на издателя, разпространителя и проч. Бълг. художник
Година на издаване 1967
Място на издаване, разпространение и проч. София
300 ## - Физическа характеристика
Страници 40 с.
Илюстрации и др. с ил.
Размери/Мащаб 19 см
380 ## - Жанр
Жанр Детска худож. лит.
500 ## - Общи забележки
Забележка 30 100 тир. - Съдържа избрани стихотворения за деца от Пенчо Славейков, Васил Попович, Иван Вазов и Константин Величков.
700 1# - Други автори (авторска отговорност)
Лично име Веселинов, Георги
Автороска отговорност (Описва отношението между автора и произведението) с предг. от
9 (RLIN) 378955
700 1# - Други автори (авторска отговорност)
Лично име Тасева, Калина
Автороска отговорност (Описва отношението между автора и произведението) худож.
9 (RLIN) 377086
700 1# - Други автори (авторска отговорност)
Лично име Минчев, Юли
Автороска отговорност (Описва отношението между автора и произведението) худож.
9 (RLIN) 369700
700 ## - Други автори (авторска отговорност)
Лично име Славейков, Пенчо Петков
Дати, свързани с автора 1866-1912
Друга информация Поет. Фолклорист. Преводач от немски и руски език.
9 (RLIN) 364367
700 1# - Други автори (авторска отговорност)
Лично име Попович, Васил Николаев
Автороска отговорност (Описва отношението между автора и произведението) *
9 (RLIN) 366477
700 1# - Други автори (авторска отговорност)
Лично име Вазов, Иван Минчов
Автороска отговорност (Описва отношението между автора и произведението) *
9 (RLIN) 363396
700 ## - Други автори (авторска отговорност)
Лично име Величков, Константин
Друга информация писател и общественик
Дати, свързани с автора 1855 - 1907
Пълна форма на името Петков, Константин Величков
9 (RLIN) 256726
700 1# - Други автори (авторска отговорност)
Лично име Петков, Константин Величков
Автороска отговорност (Описва отношението между автора и произведението) *
9 (RLIN) 379254
852 ## - Местоположение
Форматна сигнатура Цб 262003
856 4# - Електронен адрес и достъп
Електронен формат pdf - файл
Инструкция (цена за достъп) 0.00
Права за достъп disable
856 4# - Електронен адрес и достъп
Електронен формат pdf - файл
Инструкция (цена за достъп) 0.00
Права за достъп disable
999 ## - СИСТЕМНИ КОНТРОЛНИ НОМЕРА
Koha biblionumber 142275
Koha biblioitemnumber 142275
942 ## - АРТИКУЛИ
Вид на библиотечния материал Книги
Скрит в OPAC Не
Koha issues (borrowed), all copies 1
Периодичен библиозапис Да
944 ## - СЪЗДАВАНЕ И РЕДАКЦИЯ на ЗАПИСА
Създаване/Редакция Създаване
Дата на регистрацията/редакция 03.08.2013
Статус, дата на статуса CRON CRON
Служител, извършил регистрацията/редакцията
944 ## - СЪЗДАВАНЕ И РЕДАКЦИЯ на ЗАПИСА
Създаване/Редакция Редакция
Дата на регистрацията/редакция 03.08.2013
Статус, дата на статуса 03.08.2013 - от С1,Р / 03.08.2013
999 ## - СИСТЕМНИ КОНТРОЛНИ НОМЕРА
Koha biblioitemnumber 142275
Наличности
Код за отписване Код за изгубен артикул Източник на класификационната схема Код за повреда Коз за рестрикции Код за отдаване Артикулен № Име на библиотеката - собственик Име на библиотеката, в която се намира в момента Статус (Текущо местоположение) Дата на вписване в системата Местоположение - отдел Цена в лева Инвентарен номер Систематично азбучна сигнатура Баркод Номер на екземпляра Цена в евро Служебна бележка Служебен тип на артикула
  Не е изгубен Universal Decimal Classification Не е повреден без рестрикции ползва се в читалня 235158 Регионална библиотека "Любен Каравелов" Русе Регионална библиотека "Любен Каравелов" Русе Хранилище 1967-01-01 Хранилище 0.24 16274/67 Цб 262003 900000104549 1 0.12 Вид: СФ N: стар фонд Дата: 01.01.1967 Книги
Изтеглен Не е изгубен Universal Decimal Classification Не е повреден без рестрикции заемане за дома 235159 Регионална библиотека "Любен Каравелов" Русе Регионална библиотека "Любен Каравелов" Русе Детски отдел 1967-01-01 Детски отдел 0.24 15540/67 ДХ 886.7/П 91 15540/67 2 0.12 Вид: Сф N: стар фонд Дата: 01.01.1967 Дата инв: 18.08.2015 Бележки инв: Д2015 Книги
Изтеглен Не е изгубен Universal Decimal Classification Не е повреден без рестрикции заемане за дома 235160 Регионална библиотека "Любен Каравелов" Русе Регионална библиотека "Любен Каравелов" Русе Детски отдел 1967-01-01 Детски отдел 0.24 15542/67 ДХ 886.7/П 91 15542/67 3 0.12 Вид: Сф N: стар фонд Дата: 01.01.1967 Дата инв: 18.08.2015 Бележки инв: Д2015 Книги
Vip Innovations Ltd, Rousse, Bulgaria 2025